50 Most Common English Verbs Quiz - Statistics

General Stats
  • This quiz has been taken 359 times
  • The average score is 22 of 50
Answer Stats
Answer % Correct
be
93%
go
86%
have
86%
do
80%
see
78%
make
69%
take
69%
say
68%
give
62%
get
60%
run
60%
come
59%
like
57%
think
56%
look
54%
hear
51%
know
51%
talk
51%
want
49%
work
46%
can
45%
feel
45%
put
45%
ask
44%
live
41%
play
40%
tell
40%
will
37%
try
36%
find
35%
let
34%
need
33%
leave
31%
should
31%
could
29%
use
29%
would
27%
start
26%
become
23%
keep
23%
begin
22%
call
22%
help
22%
move
22%
turn
21%
may
18%
mean
18%
show
14%
might
12%
seem
12%
No matching quizzes found
Score Distribution
Percent of People with Each Score
Percentile by Number Answered
Your Score History
You have not taken this quiz